00304nam a2200121 a 4500008004100000050001500041100001800056245002900074246002000103260003500123300001500158350000900173120416s1976 ||||||||||||||||| || u aHG 181 Gup aGup, Benton E10aFinancial intermediaries aan introduction aBostonbHoughton Mifflinc1976 axxv, 410p. a0.00